Statistics of number and size of farms in certain States and territories of U.S.; also, total for U.S. as shown by Census of 1880.

Bibliographic Details
Corporate Author: United States. Bureau of the Census
Format: Government Document eBook
Language:English
Published: Washington, D.C. : [publisher not identified], [1---?]
Series:Census (10th, 1880) Bull. No. 293
Subjects:
Online Access:Connect to the full text of this electronic document

MARC

Tag First Indicator Second Indicator Subfields
LEADER 00000cam a22000001a 4500
001 in00003625310
005 20190408171045.0
006 m o d f
007 cr bn mmmapmmp
008 001106q10001999dcu o f000 0 eng d
035 |a ebd1909300275 
040 |a UMI  |c UMI  |d UtOrBLW 
043 |a n-us--- 
086 0 |a I 11.3:293 
099 |a I1103-293 
245 0 0 |a Statistics of number and size of farms in certain States and territories of U.S.; also, total for U.S. as shown by Census of 1880. 
264 1 |a Washington, D.C. :  |b [publisher not identified],  |c [1---?] 
300 |a 1 online resource (2 pages) 
336 |a text  |b txt  |2 rdacontent 
337 |a computer  |b c  |2 rdamedia 
338 |a online resource  |b cr  |2 rdacarrier 
490 0 |a Census (10th, 1880) Bull. No. 293 
500 |a For Arizona, Colorado, D.C., Idaho, Massachusetts, Montana, Nevada, Tennessee, Texas, and Wyoming; with selected comparisons from 1850. 
500 |a Record is based on bibliographic data in ProQuest U.S. Executive Branch Documents, 1789-1909. Reuse except for individual research requires license from ProQuest, LLC. 
533 |a Electronic reproduction.  |b [Bethesda, Md.] :  |c ProQuest,  |d 2012.  |e digital, PDF file.  |n ProQuest U.S. Executive Branch Documents, 1789-1909.  |n Mode of access: World Wide Web via ProQuest website. 
538 |a System requirements: PDF reader software. 
500 |a Electronic resource. 
650 0 |a Farms.  |0 http://id.loc.gov/authorities/subjects/sh85047299 
655 7 |a Electronic books.  |2 local 
710 1 |a United States.  |b Bureau of the Census.  |0 http://id.loc.gov/authorities/names/n83054431 
776 1 8 |i Microfiche version:  |t Statistics of number and size of farms in certain States and territories of U.S.; also, total for U.S. as shown by Census of 1880  |o CIS US Exec MF I1103-293  |w (ProQuest)cis19030382 
856 4 0 |u http://proxy.library.tamu.edu/login?url=http://congressional.proquest.com/congressional/docview/t66.d71.i1103-293  |z Connect to the full text of this electronic document  |t 0 
999 f f |s c5c58e8c-eaa7-336b-bf8a-0608d1a457fe  |i 780d51f2-979c-3884-962f-d7ed7cf47b1a  |t 0 
952 f f |a Texas A&M University  |b College Station  |c Electronic Resources  |d Available Online  |t 0  |h No information provided 
998 f f |t 0  |l Available Online